Technique of modern welding, (Record no. 548640)
[ view plain ]
| 000 -LEADER | |
|---|---|
| fixed length control field | 00528cam a2200169u 4500 |
| 082 ## - DEWEY DECIMAL CLASSIFICATION NUMBER | |
| Classification number | 671.52 |
| Author Mark | BAR |
| -- | l-24, p-8 |
| 100 1# - MAIN ENTRY--PERSONAL NAME | |
| Personal name | Bardtke, Paul, |
| 9 (RLIN) | 45028 |
| 245 10 - TITLE STATEMENT | |
| Title | Technique of modern welding, |
| 260 ## - PUBLICATION, DISTRIBUTION, ETC. | |
| Place of publication, distribution, etc. | London and Glasgow, |
| Name of publisher, distributor, etc. | Blackie & son limited, |
| Date of publication, distribution, etc. | 1933. |
| 300 ## - PHYSICAL DESCRIPTION | |
| Extent | xi, 299 p. |
| Other physical details | incl. illus., diagrs. |
| Dimensions | 23 cm. |
| 526 ## - STUDY PROGRAM INFORMATION NOTE | |
| Program name | 0 |
| Interest level | 0 |
| Reading level | 0 |
| Title point value | 671_520000000000000_BAR |
| 650 #0 - SUBJECT ADDED ENTRY--TOPICAL TERM | |
| Topical term or geographic name entry element | MCE |
| 9 (RLIN) | 379 |
| 650 #0 - SUBJECT ADDED ENTRY--TOPICAL TERM | |
| Topical term or geographic name entry element | Metal-cutting. |
| 9 (RLIN) | 34549 |
| 650 #0 - SUBJECT ADDED ENTRY--TOPICAL TERM | |
| Topical term or geographic name entry element | Welding. |
| 9 (RLIN) | 189 |
| 700 1# - ADDED ENTRY--PERSONAL NAME | |
| Personal name | Kenney, Harold, [from old catalog] |
| 9 (RLIN) | 45029 |
| 942 ## - ADDED ENTRY ELEMENTS (KOHA) | |
| Source of classification or shelving scheme | |
| Koha item type | Book |
| Withdrawn status | Lost status | Source of classification or shelving scheme | Damaged status | Not for loan | Permanent Location | Current Location | Date acquired | Total Checkouts | Full call number | Barcode | Date last seen | Price effective from | Koha item type |
|---|---|---|---|---|---|---|---|---|---|---|---|---|---|
| Military College of Engineering (MCE) | Military College of Engineering (MCE) | 09/03/2014 | 671.52 BAR | MCE-40604 | 09/03/2014 | 09/03/2014 | Book |
